| 000 | 00891cab a2200301 4500 | ||
|---|---|---|---|
| 001 | WB3113-51 | ||
| 008 | 090401t1995 xxu||||| |||| 00| 0 eng d | ||
| 035 | _a(Sirsi) u41221 | ||
| 041 | _aeng | ||
| 245 | _aDamage to farmland | ||
| 260 | _c1995 | ||
| 350 | _a0 | ||
| 490 |
_aSunday Telegraph _v26 March 1995, 13(1) |
||
| 520 | _aConsiders claims by farmers that subsidence damage to fields and buildings has been caused by water companies extracting water from boreholes near their land. | ||
| 650 | _aBOREHOLES | ||
| 650 | _aCOMPENSATION | ||
| 650 | _aCOUNTRY LANDOWNERS ASSOCIATION | ||
| 650 | _aFARMLAND | ||
| 650 | _aNATIONAL FARMERS UNION | ||
| 650 | _aNATIONAL RIVERS AUTHORITY | ||
| 650 | _aSEVERN TRENT | ||
| 650 | _aSUBSIDENCE | ||
| 650 | _aWATER ABSTRACTION | ||
| 650 | _aWATER COMPANIES | ||
| 690 | _aRURAL PRACTICE | ||
| 942 | _n0 | ||
| 948 | _c04/03/1997 | ||
| 999 |
_c26487 _d26487 |
||